Складні випадки наголошення (Запис № 321458)

МАРК-запис
000 -Лідер
fixed length control field 00816nam a22002537a 4500
001 - Контрольний номер
control field 35069
003 - Ідентифікатор контрольного номера
control field UA-OsUOA
005 - Дата та час останнього входження (трансакції)
control field 20210106204931.0
007 - Фіксоване поле фізичного опису
fixed length control field ta
008 - Елементи даних фіксованої довжини – загальна інформація
fixed length control field 20051107b un ||||| |||| 00| 0 ukr d
020 ## - Міжнародний стандартний книжковий номер (ISBN)
Міжнародний стандартний книжковий номер (ISBN) (НП) 5-325-00697-5
040 ## - Джерело каталогізації
Агенція оригінальної каталогізації UA-OsUOA
Мова каталогізації ukr
Агенція, яка здійснювала перезапис UA-OsUOA
Агенція, яка здійснювала модифікацію UA-OsUOA
041 ## - Код мови
Код мови тексту/ звукової доріжки чи окремого заголовка (П) ukr
080 ## - Індекс Універсальної десяткової класифікації
Індекс Універсальної десяткової класифікації (УДК) (НП) 81.374.2-161.2
090 ## - Локальний шифр розміщення
Класифікаційний індекс УДК 81.374.2-161.2
Авторський знак (НП) Г61
100 ## - Основне введення – ім’я особи
Ім’я особи (НП) Головащук С. І.
245 ## - Відомості про назву
Назва (НП) Складні випадки наголошення
Решта назви (НП) словник- довідник
260 ## - Публікація, розповсюдження і т.п. (Вихідні дані)
Місце публікації, розповсюдження і т.п. (П) К.
Ім’я/ наймення видавництва, розповсюджувача і т.п. (П) Либідь
Дата публікації, розповсюдження і т.п. (П) 1995
300 ## - Фізичний опис
Обсяг 192 с.
650 #7 - Додаткове предметне введення – тематичний термін
Тематичний термін чи географічна назва, як елемент введення (НП) 8 Мовознавство. Художня література. Літературознавство
Джерело заголовка чи терміна UDC
942 ## - Додаткові елементи входу (Коха)
Тип елемента Koha Книги
Source of classification or shelving scheme Universal Decimal Classification
955 ## - Код типу видання за змістом
Код типу видання за змістом (НП) Навчальні видання
Фонди
Стан вилучень Стан втрат Джерело класифікації або схеми стелажів Стан уражень Не для кредиту Постійне місце розташування Поточне розміщення Дата придбання Інвентарний номер Усього замовленно Повний номер виклику Штрих-код Дата останнього перегляду Дата останньої перевірки Ціна ефективна від Тип елемента Koha Усього утримується Джерело придбання Вартість, звичайна ціна покупки
Withdrawn   Universal Decimal Classification   Not For Loan АБ - Абонемент НБ АБ - Абонемент НБ 10/07/2007 32404   811.274,2-1 Г-61 32404 13/07/2019   03/11/2005 Книги 1    
    Universal Decimal Classification     АБ - Абонемент НБ АБ - Абонемент НБ 10/07/2007 32409   811.274,2-1 Г-61 32409 13/01/2022   03/11/2005 Книги      
    Universal Decimal Classification     АБ - Абонемент НБ АБ - Абонемент НБ 10/07/2007 32411   811.274,2-1 Г-61 32411 13/01/2022   03/11/2005 Книги      
Withdrawn   Universal Decimal Classification     АБ - Абонемент НБ АБ - Абонемент НБ 10/07/2007 39424   811.274,2-1 Г-61 39424 13/07/2019   03/11/2005 Книги      
    Universal Decimal Classification     АБ - Абонемент НБ АБ - Абонемент НБ 10/07/2007 39425   811.274,2-1 Г-61 39425 13/01/2022   03/11/2005 Книги      
    Universal Decimal Classification     АБ - Абонемент НБ АБ - Абонемент НБ 10/07/2007 39426   811.274,2-1 Г-61 39426 13/01/2022   03/11/2005 Книги      
    Universal Decimal Classification     АБ - Абонемент НБ АБ - Абонемент НБ 10/07/2007 39430   811.274,2-1 Г-61 39430 13/01/2022   03/11/2005 Книги      
    Universal Decimal Classification     АБ - Абонемент НБ АБ - Абонемент НБ 29/04/2009 120671   811.161.2(038) Г61 120671 13/01/2022   29/04/2009 Книги   66/2009 10.00
    Universal Decimal Classification     ЧЗ - Читальна зала ЧЗ - Читальна зала 09/11/2005 90466 2 81,374.2-161.2 Г61 90466 19/09/2024 17/09/2024 09/11/2005 Книги      
    Universal Decimal Classification     ЧЗ - Читальна зала ЧЗ - Читальна зала 03/11/2005 90464   811.274,2-1 Г-61 90464 11/02/2022   03/11/2005 Книги      
    Universal Decimal Classification     ЧЗ - Читальна зала ЧЗ - Читальна зала 07/11/2005 90467 1 81.374.2-161.2 Г61 90467 20/09/2023 20/09/2023 07/11/2005 Книги